đŸŽ¶ Paroles "Marie-Jeanne-Gabrielle" Louis Capart - Statistiques

Statistiques générales
  • Ce quiz a Ă©tĂ© pris 10 fois
  • Le rĂ©sultat moyen est 254 sur 368
Statistiques - réponses
Mots % Correct
Ă 
100%
a
100%
Corentin
100%
D'
100%
de
100%
De
100%
En
100%
en
100%
et
100%
Et
100%
Gabrielle
100%
Jean
100%
Jeanne-
100%
l'
100%
la
100%
La
100%
le
100%
Le
100%
les
100%
Les
100%
Marie-
100%
Marie
100%
Paris
100%
Qu'
100%
qu'
100%
(Refrain :
100%
(Refrain)
100%
S'
100%
s'
100%
Saint-
100%
Sainte-
100%
Sein
100%
Sein)
100%
t'
100%
Vieille
100%
Au
89%
au
89%
au-
89%
ciel
89%
Des
89%
des
89%
du
89%
Du
89%
Entre
89%
Il
89%
il
89%
mer
89%
par
89%
qui
89%
Qui
89%
Raz
89%
ce
78%
est
78%
Ăźle
78%
marins
78%
ne
78%
Nerroth
78%
que
78%
Ton
78%
tous
78%
tu
78%
belles
67%
endormi
67%
enfant
67%
femmes
67%
océan
67%
Ou
67%
pays
67%
Pour
67%
pour
67%
si
67%
son
67%
Sur
67%
sur
67%
vents
67%
aux
56%
Aux
56%
Battu
56%
beau
56%
ces
56%
dans
56%
fin
56%
histoire
56%
légendes
56%
mémoire
56%
nous
56%
On
56%
on
56%
passer
56%
Raconte-
56%
raz
56%
terre
56%
attendent
44%
cette
44%
Chante-
44%
chante
44%
Courant
44%
croire
44%
elle
44%
Elle
44%
étais
44%
feux
44%
fond
44%
galets
44%
gens
44%
ici
44%
Illuminant
44%
Loin
44%
paradis
44%
sable
44%
souviens
44%
Cantique
33%
Car
33%
Comme
33%
dessus
33%
dit
33%
Gravées
33%
jour
33%
MĂȘme
33%
mort :
33%
Parle-
33%
plus
33%
pouvait
33%
reviennent
33%
Sautant
33%
temps
33%
trĂšs
33%
vie
33%
allume
22%
Ăąmes
22%
anciens
22%
apparaĂźt
22%
barque
22%
brume
22%
chandelles
22%
chemin
22%
continent
22%
croit
22%
dos
22%
écorchée
22%
ensorcelée
22%
été
22%
fidĂšle
22%
garde
22%
GrĂšve
22%
Isolés
22%
jeter
22%
jeunes
22%
longtemps
22%
marées
22%
mémoires
22%
Menaçante,
22%
naufragés
22%
nouveaux
22%
parfum
22%
pĂȘcheurs
22%
peur
22%
printemps
22%
profond
22%
Quand
22%
tourné
22%
vient
22%
vit
22%
voir
22%
vont
22%
achĂšve
11%
automne
11%
cannelle
11%
changé
11%
court
11%
dira
11%
embarrasser
11%
ennui,
11%
entraĂźnera
11%
flambeau
11%
grand
11%
habille
11%
'Joie
11%
mĂȘle
11%
noir
11%
peine
11%
pierre
11%
RĂšgne
11%
reste
11%
rythme
11%
Trépassés'
11%
naissance
0%
sommeil
0%
Aucun quiz correspondant
Distribution des résultats
% des personnes avec chaque résultat
Percentile par nombre de réponses
Votre historique - résultats
Vous n’avez pas pris ce quiz